Marketing for services outsourcing / (Record no. 76987)

MARC details
000 -LEADER
fixed length control field 00595nam a22001937a 4500
005 - DATE AND TIME OF LATEST TRANSACTION
control field 20130626121217.0
010 ## - LCCN (DPL NO)
LC control number ENG-107666
020 ## - INTERNATIONAL STANDARD BOOK NUMBER
International Standard Book Number 9781259063749
Terms of availability 475.00
020 ## - INTERNATIONAL STANDARD BOOK NUMBER
International Standard Book Number 1259063747
Terms of availability 475.00
035 ## - SYSTEM CONTROL NUMBER
System control number EN-91199
037 ## - SOURCE OF ACQUISITION
Source of stock number/acquisition DBAD/PUB
100 ## - MAIN ENTRY--PERSONAL NAME
Personal name Vijayaraghavan, Srinivas B.
245 ## - TITLE STATEMENT
Title Marketing for services outsourcing /
Statement of responsibility, etc by Srinivas B.Vijayaraghavan
260 ## - PUBLICATION, DISTRIBUTION, ETC. (IMPRINT)
Name of publisher, distributor, etc Tata McGraw Hill
Date of publication, distribution, etc 2013
Place of publication, distribution, etc New Delhi
270 ## - ADDRESS
Address P-24, Green Park Extnsion
City New Delhi
Postal code 110016
300 ## - PHYSICAL DESCRIPTION
Extent x,270p.
Dimensions 23cm(pbk)
Other physical details ill.
500 ## - GENERAL NOTE
General note Includes bibliographical references
942 ## - ADDED ENTRY ELEMENTS (KOHA)
Source of classification or shelving scheme Dewey Decimal Classification
Item type English Books
Call number suffix VIJ
Holdings
Withdrawn status Lost status Not for loan Collection code Home library Current library Date acquired Source of acquisition Cost, normal purchase price Full call number Barcode Copy number Cost, replacement price Koha item type
    Not For Loan Non-fiction D.B.Act.Division D.B.Act.Division 26/06/2013 DBAD / PUB 475.00 VIJ EN-91199 1 475.00 English Books

© Delhi Public Library
Hit Counter
free hit counter